Slovenský biografický slovník od roku 833 do roku 1990

Gespeichert in:
Bibliographische Detailangaben
Format: Buch
Sprache:Slowakisch
Veröffentlicht: Martin Matica slovenská 1990
Ausgabe:1. vyd.
Tags: Tag hinzufügen
Keine Tags, Fügen Sie das erste Tag hinzu!

MARC

LEADER 00000nam a2200000 4500
001 c026014
005 20221215071507.5
041 0 |a slo 
044 |a SK 
245 1 0 |a Slovenský biografický slovník  |b od roku 833 do roku 1990 
250 |a 1. vyd. 
264 1 |a Martin  |b Matica slovenská  |c 1990 
300 |a 562 s.